| 000 | 01082nam0a2200301 i 4500 | ||
|---|---|---|---|
| 001 | RU\NLR\BIBL_A\010923357 | ||
| 005 | 20260405084529.0 | ||
| 010 |
_a9785946240475 _91000 |
||
| 021 |
_aRU _b2015-92323 _95693 |
||
| 035 | _a(NLR Aleph) 010923357 | ||
| 090 |
_a10687530 _c10687530 |
||
| 100 | _a20151210d2015 k y0rusy50 ca | ||
| 101 | 0 | _arus | |
| 102 | _aRU | ||
| 105 | _aab z|||000yy | ||
| 200 | 1 |
_aВозникновение мозга человека _fС. В. Савельев |
|
| 205 | _a2-е изд., стер. | ||
| 210 |
_aМосква _cВЕДИ _d2015 |
||
| 215 |
_a323 с. _cцв. ил., карт. _d22 |
||
| 320 | _aБиблиогр.: с. 310-323 | ||
| 606 |
_aГоловной мозг _xЭволюция _91046806 _3RU\NLR\AUTH\66404060 |
||
| 686 | 1 | _aЕ864.417.7 | |
| 686 | 1 | _aЕ763.917 | |
| 700 | 1 |
_4070 _8rus _7ca _aСавельев _bС. В. _cд-р биол. наук, фотограф _f1959- _gСергей Вячеславович _3RU\NLR\AUTH\7730746 _913764 |
|
| 942 | _cBOOK | ||
| 980 | _aNBR | ||